[Event "Landsturneringen NM i sjakk 2013"]
[Site "Radisson Blu Lillehammer Hotel"]
[Date "2013.06.29"]
[Round "9"]
[White "Fadnes, Bård"]
[Black "Brokke, Otto"]
[Result "1-0"]
[WhiteElo "1396"]
[BlackElo "1440"]
[PlyCount "165"]
[EventDate "2013.??.??"]

1. e4 c5 2. Nf3 e6 3. d4 cxd4 4. Nxd4 a6 5. Nc3 Qc7 6. a3 Nf6 7. Bd3 d5 8. exd5
Nxd5 9. Nxd5 exd5 10. Qe2+ Qe7 11. Qxe7+ Bxe7 12. Nf5 Bxf5 13. Bxf5 Nc6 14. O-O
O-O 15. Rd1 Rad8 16. Be3 b5 17. c3 Ne5 18. Bb6 Ra8 19. b3 g6 20. Bh3 Nc6 21.
Rxd5 Rab8 22. Bc5 Bxc5 23. Rxc5 Na5 24. Rb1 f5 25. g3 Rbc8 26. Rxc8 Rxc8 27. b4
Nc4 28. Ra1 Nb6 29. Rc1 Nc4 30. Bg2 Rc7 31. Bd5+ Kf8 32. Bxc4 Rxc4 33. Kf1 Kf7
34. Ke2 Ke6 35. Kd3 h5 36. Re1+ Kd5 37. Re8 Rc6 38. h3 Kd6 39. Rd8+ Ke5 40. Rd4
a5 41. f4+ Ke6 42. c4 axb4 43. axb4 bxc4+ 44. Rxc4 Ra6 45. Rc3 Kd7 46. Kd4 Ra1
47. Ke5 Re1+ 48. Kf6 Re6+ 49. Kg5 Rb6 50. Rb3 Ke7 51. b5 Kf7 52. g4 hxg4 53.
hxg4 fxg4 54. Kxg4 Kf6 55. Rb4 Kf7 56. Kf3 Ke7 57. Ke4 Ke6 58. Kd4 Kd6 59. Kc4
Kc7 60. Kc5 Rf6 61. b6+ Kb7 62. Kd5 Rc6 63. Ke5 Rc5+ 64. Kf6 Rc6+ 65. Kg5 Rd6
66. Rb3 Rc6 67. Rh3 Rxb6 68. Rh6 Kc7 69. Rxg6 Rb8 70. Kf6 Kd7 71. Kf7 Rb5 72.
Rf6 Rb1 73. f5 Rf1 74. Kf8 Rf2 75. Rf7+ Kd6 76. f6 Rh2 77. Rg7 Ra2 78. Rb7 Rg2
79. f7 Re2 80. Rb6+ Kd7 81. Kg7 Kc7 82. Rg6 Re7 83. Kg8 1-0

[Event "Landsturneringen NM i sjakk 2013"]
[Site "Radisson Blu Lillehammer Hotel"]
[Date "2013.06.29"]
[Round "9"]
[White "Ødegaard, Karl Eirik"]
[Black "Carstensen, Øyvind"]
[Result "0-1"]
[WhiteElo "1258"]
[BlackElo "1348"]
[PlyCount "76"]
[EventDate "2013.??.??"]

1. c4 g6 2. d4 Bg7 3. Nf3 e6 4. g3 Ne7 5. Bg2 O-O 6. O-O d5 7. cxd5 Nxd5 8. Nc3
c6 9. Nxd5 exd5 10. h3 Qb6 11. e3 Nd7 12. a3 Nf6 13. Nd2 Re8 14. Qb3 Qc7 15.
Nf3 Ne4 16. Kh2 h5 17. Nd2 Be6 18. Nxe4 dxe4 19. Qc2 Bd5 20. Bd2 h4 21. b4 a6
22. Bc3 Bf8 23. Rg1 Bd6 24. Bf1 f5 25. Bd2 Qh7 26. Bc4 Qh5 27. Bxd5+ cxd5 28.
Qd1 hxg3+ 29. fxg3 Qh4 30. Qe1 Re7 31. Kg2 Qh5 32. Qd1 Qg5 33. Qe1 Rh7 34. Rc1
Qh5 35. Rh1 Qf3+ 36. Kh2 Kf7 37. Rf1 Rxh3+ 38. Kxh3 Rh8# 0-1

[Event "Landsturneringen NM i sjakk 2013"]
[Site "Radisson Blu Lillehammer Hotel"]
[Date "2013.06.29"]
[Round "9"]
[White "Prytz, Tormod"]
[Black "Olsen, Trygve"]
[Result "0-1"]
[WhiteElo "1377"]
[BlackElo "1287"]
[PlyCount "56"]
[EventDate "2013.??.??"]

1. e4 c5 2. Nf3 Nc6 3. d4 cxd4 4. Nxd4 e5 5. Nb5 d6 6. c4 a6 7. N5c3 b6 8. Be3
Nf6 9. Nd2 Ng4 10. Qe2 Nxe3 11. Qxe3 Nd4 12. Bd3 g6 13. O-O Bg7 14. h3 O-O 15.
Nf3 f5 16. exf5 Bxf5 17. Bxf5 Rxf5 18. Nd5 Nxf3+ 19. gxf3 Qh4 20. Kh2 Raf8 21.
f4 exf4 22. Qf3 h5 23. Rab1 Kh7 24. Rfe1 Be5 25. b4 R8f7 26. Rb3 g5 27. Re4 g4
28. Qg2 f3+ 0-1

[Event "Landsturneringen NM i sjakk 2013"]
[Site "Radisson Blu Lillehammer Hotel"]
[Date "2013.06.29"]
[Round "9"]
[White "Kristiansen, Oddvar"]
[Black "Jensen, Torben Winther"]
[Result "0-1"]
[WhiteElo "1389"]
[BlackElo "1491"]
[PlyCount "48"]
[EventDate "2013.??.??"]

1. Nf3 Nf6 2. c4 c5 3. Nc3 e6 4. g3 b6 5. Bg2 Bb7 6. O-O Be7 7. d3 O-O 8. a3 d6
9. d4 cxd4 10. Nxd4 Bxg2 11. Kxg2 Qc8 12. b4 Qxc4 13. Bb2 Qc7 14. Rc1 Qb7+ 15.
Kg1 a6 16. Qd3 Nbd7 17. e4 Ne5 18. Qe2 Rac8 19. Rc2 Nc4 20. Bc1 b5 21. Re1 Rc7
22. Qd3 Rfc8 23. Nde2 Ne5 24. Qe3 Nfg4 0-1

[Event "Landsturneringen NM i sjakk 2013"]
[Site "Radisson Blu Lillehammer Hotel"]
[Date "2013.06.29"]
[Round "9"]
[White "Fredriksen, Frode"]
[Black "Wærstad, Leif Edvin"]
[Result "0-1"]
[WhiteElo "1331"]
[BlackElo "1332"]
[PlyCount "62"]
[EventDate "2013.??.??"]

1. e4 c5 2. c3 Nc6 3. d4 cxd4 4. cxd4 d6 5. Nc3 Nf6 6. h3 Bd7 7. Nf3 g6 8. Be3
Bg7 9. Qd2 Rc8 10. Bh6 O-O 11. Bxg7 Kxg7 12. Be2 a6 13. O-O e5 14. dxe5 dxe5
15. Rfd1 Re8 16. Rac1 Qa5 17. Bc4 Nd4 18. Nd5 Nxf3+ 19. gxf3 Qxd2 20. Rxd2 Nxd5
21. exd5 b5 22. Re1 Rxc4 23. Re4 Rxe4 24. fxe4 Bxh3 25. Rd3 Bd7 26. Rc3 Rc8 27.
Ra3 Rc1+ 28. Kg2 Bc8 29. Rd3 Rc4 30. b3 Rxe4 31. Rc3 Bb7 0-1

[Event "Landsturneringen NM i sjakk 2013"]
[Site "Radisson Blu Lillehammer Hotel"]
[Date "2013.06.29"]
[Round "9"]
[White "Lensebakken, Jonar"]
[Black "Stensen, Lars A"]
[Result "0-1"]
[WhiteElo "1259"]
[BlackElo "1360"]
[PlyCount "64"]
[EventDate "2013.??.??"]

1. d4 Nf6 2. Nf3 g6 3. Bg5 Bg7 4. e3 O-O 5. Bd3 Re8 6. O-O c6 7. Nbd2 d5 8. Ne5
Nfd7 9. Nxd7 Nxd7 10. Nf3 Qc7 11. c3 e5 12. dxe5 Nxe5 13. Bf4 Nxf3+ 14. Qxf3
Qb6 15. Rab1 f5 16. h3 a5 17. Qd1 a4 18. a3 Qc5 19. Qc2 Be6 20. Rbc1 b5 21.
Rfe1 Bf7 22. Re2 Qa7 23. Kh1 Qd7 24. Rd2 Qb7 25. Bd6 Rad8 26. Bc5 Bf8 27. Bxf8
Kxf8 28. b4 axb3 29. Qxb3 Qe7 30. Qb4 Ra8 31. Qxe7+ Rxe7 32. Ra1 Rea7 0-1

[Event "Landsturneringen NM i sjakk 2013"]
[Site "Radisson Blu Lillehammer Hotel"]
[Date "2013.06.29"]
[Round "9"]
[White "Steinkellner, Rudolf"]
[Black "Pedersen, Ole Petter"]
[Result "1-0"]
[WhiteElo "1449"]
[BlackElo "1415"]
[PlyCount "107"]
[EventDate "2013.??.??"]

1. e4 e6 2. d3 d5 3. Nd2 Nf6 4. g3 c5 5. Bg2 Nc6 6. Ne2 Be7 7. O-O O-O 8. exd5
Nxd5 9. Nf3 b6 10. d4 Bb7 11. c3 Qd7 12. Nf4 Nxf4 13. Bxf4 cxd4 14. Ne5 Nxe5
15. Bxb7 Qxb7 16. Bxe5 dxc3 17. Bxc3 Qe4 18. Re1 Qf5 19. Re5 Qg6 20. Qf3 Rab8
21. Rd1 Rfd8 22. Rxd8+ Rxd8 23. Re4 f5 24. Rc4 Qe8 25. Rc7 Rd7 26. Qb7 Rxc7 27.
Qxc7 Qd8 28. Qxa7 g5 29. Qa4 Kf7 30. Qd4 Bf6 31. Qxd8 Bxd8 32. a4 Ke8 33. Kf1
Kd7 34. Ke2 Kc6 35. Kd3 Kd5 36. b4 e5 37. f3 Bc7 38. a5 e4+ 39. fxe4+ fxe4+ 40.
Ke3 Kc4 41. a6 Bb8 42. Bd4 Ba7 43. Kxe4 Kb5 44. Kf5 Kxa6 45. Kxg5 Bb8 46. Kh6
Bd6 47. Bc3 b5 48. Kxh7 Kb7 49. Kg6 Kc6 50. Be1 Kd7 51. Kf7 Be5 52. h4 Bd4 53.
g4 Be3 54. g5 1-0